Platforma pre monitoring ľudí odkázaných na starostlivosť

Guardado en:
Detalles Bibliográficos
Autor principal: Klimko, Adam (Autor)
Otros Autores: Behúl, Miroslav (Orientador)
Formato: Manuscrito Libro
Lenguaje:eslovaco
Publicado: Bratislava : STU v Bratislave FEI, 2021
Materias:
Acceso en línea:https://opac.crzp.sk/?fn=detailBiblioForm&sid=38F43C5054BC4F7F2BB9CFF31F28&seo=CRZP-detail-kniha
Etiquetas: Agregar Etiqueta
Sin Etiquetas, Sea el primero en etiquetar este registro!

MARC

LEADER 00000ntm a22000003a 4500
001 stuzp82550
003 SK-STU
005 20220117120744.2
007 ta
008 150427s2015----xo-----f-mn---000-0-slo-d
040 |a STU  |b slo 
041 0 |a slo 
044 |a xo 
100 1 |a Klimko, Adam  |u 033000  |4 aut  |U FEI Fakulta elektrotechniky a informatiky  |T FEI Ústav elektroniky a fotoniky  |X 97825  |U E030  |Y 549  |7 97825 
242 0 1 |a Platform for monitoring of elderly  |y eng 
245 1 0 |a Platforma pre monitoring ľudí odkázaných na starostlivosť 
260 |a Bratislava :  |b STU v Bratislave FEI,  |c 2021 
300 |a 57 s., príl. 
650 4 |a Monitorovanie  |2 slo 
650 4 |a Vizualizácia dát  |2 slo 
650 4 |a Internet vecí  |2 slo 
650 4 |a Webová aplikácia  |2 slo 
650 4 |a Monitoring  |2 eng 
650 4 |a Data visualization  |2 eng 
650 4 |a Internet of things  |2 eng 
650 4 |a Web application  |2 eng 
700 1 |a Behúl, Miroslav  |u 033000  |k Z2  |4 ths  |U FEI Fakulta elektrotechniky a informatiky  |T FEI Ústav elektroniky a fotoniky  |X 64202  |U E030  |Y 549  |7 A000064202 
856 4 |u https://opac.crzp.sk/?fn=detailBiblioForm&sid=38F43C5054BC4F7F2BB9CFF31F28&seo=CRZP-detail-kniha